000 00588nam a2200205Ia 4500
005 20250923145356.0
008 008 250917s9999 xx 000 0 eng d
037 _aTextual
040 _aDSWL
_beng
_cDSWL
041 _aeng
_2eng
084 _aW6p2,N65, N66
_qDSWL
100 _aHalappa, G.S.
_9834637
245 0 _aDilemmas of democratics politics India
_c by G.S. Halappa
260 _aBombay
_bMonebtala & Sons
_c1966
300 _axiv,295 p.
365 _aINR
_b26 . 0
925 _g26 . 0
942 _cTEXL
_hW6p2,N65, N66
999 _c1450613
_d1450613